Stargate Franchise - Statistics

General Stats
  • This quiz has been taken 8 times
  • The average score is 8 of 46
Answer Stats
Type Year Name Info % Correct
Film 1994 Stargate MGM / AMLF
100%
Video Game 1994 Stargate Acclaim Entertainment
100%
Pinball Machine 1995 Stargate Gottlieb
100%
Video Game 1995 Stargate Probe Entertainment / Tantalus Interactive
100%
TV Show 1997-2007 Stargate SG-1 Showtime / Sci Fi Channel
83%
TV Show 2004-2009 Stargate Atlantis Sci Fi Channel
67%
TV Show 2009-2011 Stargate Universe Syfy
67%
Web Series 2018 Stargate Origins Stargate Command
50%
Film 2008 Stargate: The Ark of Truth 20th Century Fox
50%
Film 2008 Stargate: Continuum 20th Century Fox
33%
TV Show 2002-2003 Stargate Infinity FOX / Disney Channel (France)
33%
Video Game 2006 Stargate Worlds FireSky
17%
Comic One-Shot 2004 Aris Boch Avatar Press
0%
Comic Mini-Series 2016 Back to Pegasus American Mythology
0%
Comic Mini-Series 2010 Daniel Jackson Dynamite
0%
Comic One-Shot 2005 Daniel's Song Avatar Press
0%
Comic Mini-Series 2004 Fall of Rome Avatar Press
0%
Comic One-Shot 2004 Fall of Rome Prequel Avatar Press
0%
Comic Mini-Series 2016-2017 Gateways American Mythology
0%
Comic Mini-Series 2017 Hearts & Minds American Mythology
0%
Comic Mini-Series 2004 POW Avatar Press
0%
Comic One-Shot 2006 Ra Reborn Prequel Avatar Press
0%
Comic Mini-Series 2018 Singularity American Mythology
0%
Comic Mini-Series 1996-1997 StarGate: Doomsday World Entity Comics
0%
Comic One-Shot 1997 StarGate: One Nation Under Ra Entity Comics
0%
Novel 1995 Stargate: Rebellion Bill McCay
0%
Novel 1998 Stargate: Reconnaissance Bill McCay
0%
Novel 1999 Stargate: Resistance Bill McCay
0%
Video Game 2010 Stargate: Resistance FireSky
0%
Novel 1996 Stargate: Retaliation Bill McCay
0%
Novel 1997 Stargate: Retribution Bill McCay
0%
Role-Playing Game 2021 Stargate Roleplaying Game Wyvern Gaming / MGM
0%
Role-Playing Game 1998 Stargate SG-1 Adventure Game West End Games
0%
Role-Playing Game 2003 Stargate SG-1 Roleplaying Game Alderac Entertainment Group
0%
Magazine 2004-2010 Stargate SG-1: The Official Magazine Titan Magazines
0%
Video Game 2013 Stargate SG-1: Unleashed MGM / Arkalis Interactive
0%
Theme Park Attraction 2003-Present Stargate SG-3000 Six Flags Kentucky Kingdom / Six Flags Great America / Six Flags Marine World
0%
Card Game 2007 Stargate Trading Card Game Comic Images
0%
Comic One-Shot 1997 StarGate: Underworld Entity Comics
0%
Comic Mini-Series 2017-2018 Stargate Universe: Back to Destiny American Mythology
0%
Non-Fiction Book 2004 Stepping Through the Stargate: Science, Archaeology and the Military in Stargate SG1 P.N. Elrod
0%
Novel 2000 The First Amendment Ashley McConnell
0%
Novel 2001 The Morpheus Factor Ashley McConnell
0%
Novel 1999 The Price You Pay Ashley McConnell
0%
Comic Mini-Series 2010 Vala Mal Doran Dynamite
0%
Comic Mini-Series 2006-2007 Wraithfall Avatar Press
0%
No matching quizzes found
Score Distribution
Percent of People with Each Score
Percentile by Number Answered
Your Score History
You have not taken this quiz